000 00489cam a2200169 4500
001 M97973
008 090401t1999 xxu||||| |||| 00| 0 eng d
035 _a(Sirsi) u99823
041 _aeng
110 _aRoyal Institution of Chartered Surveyors
_94900
245 _aBuilding confidence in electronic commerce
260 _aLondon
_bRoyal Institution of Chartered Surveyors
_c1999
350 _a0
490 _aRICS Policy Unit Submission
_vPU/SUB/23
942 _n0
948 _c09/04/1999
999 _c99478
_d99478